000 00927nam a2200349 a 4500
003 AR-BaBNM
005 20251128204214.0
008 082120s2002 ||||||||||||||000 | spa||
020 _a84-7884-054-0
040 _cAR-BaBNM
100 1 _aJares, Xesús R.
245 0 0 _aEducación para la paz
_bsu teoría : su práctica
260 _aMadrid
_bPopular
_c1991
300 _a205 p.
_btablas
490 0 _aPapel de prueba
_vv. 253
600 1 4 _aKing, Martin Luther
600 0 4 _aGandhi
600 1 4 _aMilani, Lorenzo
600 1 4 _aDolci, Danilo
600 1 4 _aCapitini, Aldo
650 4 _aPAZ
650 4 _aEDUCACION PARA LA PAZ
650 4 _aNECESIDADES EDUCACIONALES
650 4 _aSISTEMAS ESCOLARES
650 4 _aEDUCACION NO FORMAL
650 4 _aDERECHOS HUMANOS
650 4 _aEDUCACION PARA EL DESARROLLO
650 4 _aVIOLENCIA
653 _aESTRATEGIAS DIDACTICAS
942 _cBK
998 _cCarmen
999 _c6595
_d6595